| 000 | 01726nam a2200337 i 4500 | ||
|---|---|---|---|
| 999 |
_c5913 _d5913 |
||
| 001 | on1350453199 | ||
| 003 | OCoLC | ||
| 005 | 20251127131500.0 | ||
| 008 | 230530t20232021onc e 000 1 eng d | ||
| 020 | _a9781405950244 | ||
| 040 |
_aNLC _beng _erda _cNLC _dNLC _dOCLCF _dCaOL _dKH8 |
||
| 082 | _aFIC NET | ||
| 100 | 1 |
_aNetley, Rebecca, _eauthor. |
|
| 245 | 1 | 4 |
_aThe whistling / _cRebecca Netley. |
| 264 | 1 |
_aUK ; _bPenguin Random House , _c2022. |
|
| 264 | 4 | _c©2021. | |
| 300 |
_a384 pages : _c20 cm. |
||
| 336 |
_atext _btxt _2rdacontent. |
||
| 337 |
_aunmediated _bn _2rdamedia. |
||
| 338 |
_avolume _bnc _2rdacarrier. |
||
| 520 |
_a"If you can hear it, it is already too late to be alone in the world, Elspeth Swansome takes the position of nanny to a family on the remote Scottish island of Skelthsea. Her charge, Mary, hasn't uttered a word since the sudden death of her twin, William - just days after their former nanny disappeared. No one will speak of what happened to William. Just as no one can explain the hypnotic lullabies sung in empty corridors. Nor the strange dolls that appear in abandoned rooms. Nor the faint whistling that comes in the night . . . As winter draws in and passage to the mainland becomes impossible, Elspeth finds herself trapped. But is this house haunted by the ghosts of the past? Or the secrets of the living?"-- _cProvided by publisher. |
||
| 650 | 0 |
_aNannies _zScotland _vFiction. |
|
| 650 | 0 |
_aTwins _vFiction. |
|
| 650 | 0 |
_aBrothers _xDeath _vFiction. |
|
| 650 | 0 |
_aSocial isolation _vFiction. |
|
| 650 | 0 |
_aSelective mutism _vFiction. |
|
| 650 | 0 |
_aHaunted houses _zScotland _vFiction. |
|
| 650 | 0 |
_aSecrecy _vFiction. |
|
| 650 | 0 |
_aGhost stories. _2genre. |
|
| 942 |
_2ddc _cFIC |
||